000 00391nam a2200145 a 4500
005 20140412111427.0
008 090224s19uu xx 00 eng d
020 _a2-7641-1782-5
050 _aER
_bPu96 2005
100 _aFonte, Isabel
245 _aPuss in boots / :
_cIsabel Fonte.
_bThe Brave little tailor /
260 _aCanada :
_bTormont,
_c2005.
300 _a24p.
999 _c106280
_d106280